Anglicko-český slovník s výslovností, přízvukem, mluvnicí a frazeologií /

Saved in:
Bibliographic Details
Main Authors: Poldauf, Ivan (Author), Osička, Antonín (Author)
Format: Book
Language:Multiple languages
Published: Praha : SNTL, 1956
Subjects:
Tags: Add Tag
No Tags, Be the first to tag this record!

MARC

LEADER 00000nam a22000003a 4500
001 stu40226
005 20150617225722.3
008 930407s1956----cs------------------mul-d
040 |a STU  |b slo 
041 0 |a mul 
044 |a cs 
080 |a 801.323.2=20=850 
100 1 |a Poldauf, Ivan  |4 aut 
245 1 |a Anglicko-český slovník s výslovností, přízvukem, mluvnicí a frazeologií /  |c [aut.]Antonín Osička, Ivan Poldauf 
260 |a Praha :  |b SNTL,  |c 1956 
300 |a 519 s 
650 7 |a slovníky anglicko české  |2 stusub 
700 1 |a Osička, Antonín  |4 aut 
996 |b 284M016249  |c M*3649-1  |l MMKN  |s A  |a 24  |w stu40226_0001